Podnikanie treba podporovať.

Pojednanie generálneho riaditeľa Slovenskej záručnej banky o kľúčových momentoch v zastavení poklesu a postupnej obnove hospodárskeho rastu v ČSFR. Podnikanie ako motor obnovy hospodárskeho rastu. Regionálny a sektorový profil podnikateľov. Bariéry a rezervy v podnikaní.

Guardado en:
Detalles Bibliográficos
Autor principal: Valach, V.
Formato: Capítulo de libro
Lenguaje:eslovaco
Materias:
Etiquetas: Agregar Etiqueta
Sin Etiquetas, Sea el primero en etiquetar este registro!

MARC

LEADER 00000naa a2200000 4500
001 r008085
005 20220831085241.4
041 0 |a slo 
044 |a [CS] 
245 1 0 |a Podnikanie treba podporovať.  |c V. Valach 
520 |a Pojednanie generálneho riaditeľa Slovenskej záručnej banky o kľúčových momentoch v zastavení poklesu a postupnej obnove hospodárskeho rastu v ČSFR. Podnikanie ako motor obnovy hospodárskeho rastu. Regionálny a sektorový profil podnikateľov. Bariéry a rezervy v podnikaní. 
610 2 0 |a podnikanie 
610 2 0 |a podnikatelia 
610 2 0 |a ČSFR 
610 2 0 |a Slovenská záručná banka, š.p.ú. Bratislava 
610 2 0 |a politika hospodárska 
610 2 0 |a legislatíva 
100 1 |a Valach, V.